ห้องสมุด วิทยาลัยพยาบาลบรมราชชนนี อุดรธานี
Boromarajonani College of Nursing, Udonthani
เปลี่ยนเป็นภาษาไทย

Change to English
 แสดงรายละเอียดบรรณานุกรม
  กลับหน้าหลัก

Brief Record : Get Marc (ISO 2709) : E-mail record : QR code ปิดหน้าต่าง
หนังสืออ้างอิง : เกี่ยวกับ Collections
mysqli: Table './ulib2015/stat_globaluid' is marked as crashed and last (automatic?) repair failed
select id from stat_globaluid where statuid='20260417215826_977' 
mysqli: Table './ulib2015/stat_globaluid' is marked as crashed and last (automatic?) repair failed
DELETE FROM stat_globaluid
			WHERE id NOT IN (
			  SELECT id
			  FROM (
				SELECT id
				FROM stat_globaluid
				ORDER BY id DESC
				LIMIT 100
			  ) foo
			); 
mysqli: Table './ulib2015/stat_globaluid' is marked as crashed and last (automatic?) repair failed
insert into stat_globaluid set
		statuid='20260417215826_977',
		dt='1776437906',
		phpself='/ULIB/dublinfull.php',
		agent='Mozilla/5.0 AppleWebKit/537.36 (KHTML, like Gecko; compatible; ClaudeBot/1.0; +claudebot@anthropic.com)',
		yea='2026',
		mon='4',
		dat='17',
		ip='216.73.216.55'
		
		
LEADER 00674nam 2200229 a 4500
001    10173
003     ULIBM
008    020511s2538 th m a001 0 tha d
050  4 ^a WY157^bด123ก 2538.
245 10 ^aการพยาบาลผู้ป่วยครรภ์ไข่ปลาอุกและมะเร็งครรภ์ไข่ปลาอุก/^cดรุณี ทองธวัช.
250    ^aพิมพ์ครั้งที่ 1.
260    ^aอุดรธานี:^bสำนักงานสาธารณสุขจังหวัดอุดรธานี,^c2538.
300    ^a 75 หน้า.
650  7 ^aการพยาบาลผุ้ป่วยครรภ์ไข่ปลาอุก.
945    ^p0^l0^i16872
999     ^aลิขิตลักษณ์
รายการนี้ยังไม่มีแท็ก
คุณยังไม่ได้ล็อกอิน คุณสามารถมีกิจกรรมร่วมกับเว็บไซต์ได้ แต่ต้องล็อกอินก่อน ::
  ล็อกอิน
ลำดับที่ ประเภท เลขเรียก/บาร์โค้ด สถานที่ สถานะ
1. หนังสือการพยาบาล
หนังสือการพยาบาล
WY157 ด123ก 2538.  
  Barcode: 16872
หนังสือทั่วไป On Shelf
   [แสดง 1/1 รายการ]

mysqli: Can't create/write to file '/var/tmp/#sql_59d_1.MAI' (Errcode: 2)
select * from index_db where titl like '%การพยาบาลผู้ป่วยครรภ์ไข่ปลาอุกและมะเร็งครรภ์ไข่ปลาอุก/ ดรุณี  ทองธวัช.%' and mid<>'10173'  order by rand() limit 3
mysqli: Can't create/write to file '/var/tmp/#sql_59d_1.MAI' (Errcode: 2)
select * from index_db where subj like '%การพยาบาลผุ้ป่วยครรภ์ไข่ปลาอุก.%' and mid<>'10173'  order by rand() limit 3

BibComment


ยังไม่เคยถูกคอมเมนท์

คอมเมนท์ทรัพยากรรายการนี้
  คอมเมนท์: การพยาบาลผู้ป่วย..
Bib 10173

 
 
 

 Union Library Management : ULibM
Copyright 2026. All Rights Reserved.